| 000 | 01129nam a2200241Ia 4500 | ||
|---|---|---|---|
| 003 | Ost | ||
| 005 | 20260507075333.0 | ||
| 008 | 260507s9999||||xx |||||||||||||| ||und|| | ||
| 020 | _a9789957067106 | ||
| 040 | _cfsecg | ||
| 041 | _aara | ||
| 082 | _a330 | ||
| 100 |
_aالصميدعي، محمود جاسم _eمؤلف |
||
| 245 | 0 |
_aالتسويق الصناعي / _c محمود جاسم الصميدعي |
|
| 260 |
_aعمان: _bدار المسيرة, _c2011 |
||
| 300 |
_a368 صفحة؛ _bإيضاحات ؛ _c25 سم |
||
| 520 | _aطبيعة التسويق الصناعي و تجزئة السوق الصناعية ، أنواع المنتجات الصناعية و سلوك المشتري الصناعي ، المنتج الصناعي و تسعيرو ترويج المنتجات الصناعية ، أنظمة الامداد الصناعي و أخيرا نظم المعلومات التسويق الصناعي | ||
| 653 | _aأدارة المبيعات | ||
| 653 | _aالتسويق | ||
| 653 | _aالتسويق- الصناعة | ||
| 700 |
_aعثمان، يوسف ردينة _eمؤلف ثانوي |
||
| 942 | _cكتاب | ||
| 999 |
_c44025 _d44025 |
||